| 000 | 02392nam0a2200409 4500 | ||
|---|---|---|---|
| 001 | RU\NLR\bibl\1667347 | ||
| 005 | 20260406172718.0 | ||
| 010 |
_a978-5-7723-0756-4 _9300 |
||
| 021 |
_aRU _b2010-54185 _93563 |
||
| 035 | _a(nilc)RSL-KNO-004708926 | ||
| 035 | _a(NLR Aleph) 001658620 | ||
| 090 |
_a967306 _c967306 |
||
| 100 | _a20100712d2010 |||y0rusy50 ca | ||
| 101 | 0 | _arus | |
| 102 | _aRU | ||
| 105 | _aa ||||||||| | ||
| 200 | 1 |
_aТеоретические основы управления развитием и конкурентоспособностью экономики регионов, отраслей, предприятий _f[Васильева А.С., доц., к.э.н., Ветрова Е.Н., доц., к.э.н., Гладышева И.В., к.э.н. и др. _gредкол.: Васильева А. С. и др.] _gФедеральное агентство по образованию, Фил. "Севмашвтуз" Гос. образовательного учреждения высш. проф. образования "Санкт-Петербургский гос. морской технический ун-т" в г. Северодвинске |
|
| 210 |
_aСеверодвинск _cИзд-во РИО Севмашвтуз _d2010 |
||
| 215 |
_a247 с. _cил., табл. _d22 |
||
| 300 | _aАвт. указаны в вып.дан. | ||
| 320 | _aБиблиогр. в конце гл. и в подстроч. прим. | ||
| 606 | 1 |
_aРегиональное управление _91591004 _3RU\NLR\auth\66997972 |
|
| 686 |
_aУ9(2)21,0 _2rubbk |
||
| 686 |
_aУ9(2Р-4Арх)21,0 _2rubbk |
||
| 686 | _aУ21(0)9 | ||
| 686 | _aУ21(2)9 | ||
| 701 | 1 |
_4070 _8rus _7ca _aВасильева _bА. С. _cканд. экон. наук _gАнастасия Сергеевна _3RU\NLR\auth\7797706 _980632 |
|
| 701 | 1 |
_aВетрова _bЕ. Н. _gЕлена Николаевна _4070 |
|
| 701 | 1 |
_aГладышева _bИ. В. _gИрина Валерьевна _4070 |
|
| 712 | 0 | 2 |
_4570 _aСанкт-Петербургский государственный морской технический университет _bСеверодвинский филиал _3RU\NLR\AUTH\889940314 _9375475 |
| 801 | 0 |
_aRU _bРГБ _c20100712 _grcr |
|
| 801 | 1 |
_aRU _bРГБ _c20100712 |
|
| 801 | 2 |
_aRU _bNLR _c20100825 _grcr |
|
| 942 | _cBOOK | ||
| 980 | _aNB | ||
| 980 | _aNBR | ||